Micronutrientes en la agricultura : diagnóstico y fertilización en Argentina, la experiencia brasilera /
Guardado en:
| Autor Principal: | |
|---|---|
| Formato: | Libro |
| Idioma: | Spanish |
| Publicado: |
Buenos Aires :
Asociación Argentina de la Ciencia del Suelo,
2006.
|
| Etiquetas: |
Agregar Etiqueta
Sin Etiquetas, Sea el primero en etiquetar este registro!
|
| LEADER | 00625nam a22001575a 4500 | ||
|---|---|---|---|
| 001 | EEA.libagro007683 | ||
| 005 | 20180523075901.0 | ||
| 008 | 130809s2006####ag#a##########000#0#spa#d | ||
| 020 | |a 9872141940 | ||
| 082 | 0 | 4 | |a 631.8 |
| 100 | 1 | |a Vázquez, Mabel E. | |
| 245 | 0 | 0 | |a Micronutrientes en la agricultura : |b diagnóstico y fertilización en Argentina, la experiencia brasilera / |c Mabel Vázquez. |
| 260 | |a Buenos Aires : |b Asociación Argentina de la Ciencia del Suelo, |c 2006. | ||
| 300 | |a 207 p. : |b il. ; |c 21 cm. | ||
| 859 | |a AR-BbBCA |b BIB. AGRONOMIA |h 631.8 |i V393 |p 2006/5072 | ||
| 859 | |a AR-BbBCA |b BIB. AGRONOMIA |h 631.8 |i V393 |p 2007/5125 |t Ej.2 | ||
